Flaggen Ozeaniens - Sudden Death - Statistiken

Allgemein
  • Dieses Quiz wurde 91 mal gespielt
    81 seit der letzten Aktualisierung
  • Das Durchschnittsergebnis liegt bei 11 aus 14
Answers on the Grid
Answers color-coded by a green-red scale on the quiz's grid according to % correct below.
 
Antwortstatistiken
Antwort % Korrekt
86%
86%
83%
82%
82%
80%
80%
80%
77%
77%
76%
74%
73%
71%
Keine übereinstimmenden Quizze gefunden
Verteilung der Resultate
Anzahl Personen mit jedem Resultat
Perzentil nach korrekt beantworteten Fragen
Ihre Resultats-Entwicklung
Sie haben dieses Quiz seit der letzten Aktualisierung nicht gespielt